000 00599nam a2200193Ia 4500
001 13102
003 GE_BSU
008 181216s||||||||xx |||||||||||||| ||und||
040 _cGE_BSU
080 _a821.111-3
100 _aDeighton,Len.
245 _aEvents relating to the last flight of an R.A.F. bomber over Germany on the night of june 3its,1943.
260 _aLondon.
260 _bJonatan cape thirty bedford square.
260 _c1970
300 _a494p;20cm.
653 _aEvents relating to the last flight of an R.A.F. bomber over Germany on the night of june 3its,1943.
942 _cBK
999 _c46268
_d46268